000
00385nam a2200133Ia 4500
001
13733
003
GE_BSU
008
181216s||||||||xx |||||||||||||| ||und||
040
_c
GE_BSU
100
_a
ლორთქიფანიძე,ნიკო
245
_a
დანგრეული ბუდეები
653
_a
დანგრეული ბუდეები
942
_c
BK
999
_c
46880
_d
46880